• 首页
  • 本馆介绍
  • 公告通知
  • 最新文献
  • 馆藏检索
  • 电子资源
  • 读者导购
  • 参考咨询
  • 我的图书馆
  • 登录
  • 详细信息显示
  • 放入我的书架
  • 预约/预借图书
  • 作者相关作品
  • 分类相关作品
  • 丛书相关作品
  • 出版社相关作品

书目信息

  • 表格格式
  • 工作单格式
  • 卡片格式
题名:
马克思传
    
 
作者: 格姆科夫 著 ;易廷镇 , 侯焕良 译
分册:  
出版信息: 上海   三联书店  1978.12
页数: 369页
开本: 21cm
丛书名:
单 册:
中图分类: A711
科图分类:
主题词: 马克思,K.--传记
电子资源:
ISBN:
000 00636nam0 2200217 45
001 0181023681
005 20060722084322.35
010    @dCNY1.25
091    @a11002.492
100    @a20810111d km y0chiy0120 ea
101 0  @achi
200 1  @a马克思传@AMA KE SI CHUAN@f(德)海因里希·格姆科夫等著@F(De)Hai Yin Li Xi·Ge Mu Ke Fu Deng Zhu@g易廷镇,侯焕良译
210    @a上海@c三联书店@d1978.12
215    @a369页@d21cm
606 0  @a马克思,K.@x传记
690    @aA711@v3
701  0 @a格姆科夫@4著
702  0 @a易廷镇@AYi Ting Zhen@4译
702  0 @a侯焕良@AHou Huan Liang@4译
801    @aCN@bTSTC@c20060722
905    @dA711@e11@b12817@f1
    
    马克思传/(德)海因里希·格姆科夫等著/易廷镇,侯焕良译.-上海:三联书店,1978.12
    369页;21cm
    
    
    ISBN :CNY1.25
    
●
相关链接 在E读中查询图书 在五车中查询图书 在当当中查询图书 在豆瓣中查询图书


正题名:马克思传     索取号:A711/11         预约/预借

序号 登录号 条形码 馆藏地/架位号 状态 备注
1 0012817   002047074   第一样本阅览室/ [索取号:A711/11] 在馆    
2 0066828   202371940   密集书库/ [索取号:A711/11] 在馆    
3 0066829   202133413   第一借阅区/ [索取号:A711/11] 在馆    
4 0066830   001298205   第一借阅区/ [索取号:A711/11] 在馆    
5 0066831   001623773   密集书库/ [索取号:A711/11] 在馆    
6 0066832   001298143   第一借阅区/ [索取号:A711/11] 在馆    
7 0227869   001298152   第一借阅区/ [索取号:A711/11] 在馆    
8 0424223   204242239   密集书库/ [索取号:A711/11] 在馆    
9 0424663   204246636   密集书库/ [索取号:A711/11] 在馆    
10 0425506   204255064   密集书库/ [索取号:A711/11] 在馆    
11 0425507   204255073   密集书库/ [索取号:A711/11] 在馆    
12 0425508   204255082   密集书库/ [索取号:A711/11] 在馆    
唐山师范学院图书馆 欢迎您!
大连网信软件有限公司© 版权所有